| 000 | 00521nam a2200169 i 4500 | ||
|---|---|---|---|
| 001 | 95772 | ||
| 003 | ES-MaACL | ||
| 005 | 20230906181753.0 | ||
| 007 | t| | ||
| 008 | 050606s1961 sp ||||1| spa d | ||
| 100 | 1 |
_aMacDonald, A. M. G. _975103 |
|
| 245 | 1 | 0 |
_aAnálisis volumétrico elemental / _cA. M. G. MacDonald; traducido por Antonio Ara Blesa. |
| 260 |
_aZaragoza : _bAcribia, _c1961. |
||
| 300 |
_aVIII, 152 p. : _bil. ; _c22 cm. |
||
| 700 | 1 |
_aAra Blesa, Antonio. _922141 |
|
| 852 |
_aES-MaACL _jC-21401 _bR.49664 |
||
| 999 |
_c95772 _d95772 |
||